| 000 | 00942cam a22002771 4500 | ||
|---|---|---|---|
| 001 | 7534247 | ||
| 003 | ARRUPE | ||
| 005 | 20131023113203.0 | ||
| 008 | 750807s1966 nyu b 000 0 eng | ||
| 010 | _a 66022009 | ||
| 035 | _a(OCoLC)1519885 | ||
| 040 |
_aDLC _cFOFT _dOCoLC _dNBuU _dPPLT _dOCoLC _dDLC |
||
| 042 | _apremarc | ||
| 050 | 0 | 0 |
_aBJ1200 _b.B613 |
| 100 | 1 |
_aBöckle, Franz. _92728 |
|
| 245 | 1 | 0 |
_aLaw and conscience. _cTranslated by M. James Donnelly. |
| 260 |
_aNew York, _bSheed and Ward, _c1966. |
||
| 300 |
_a139 p. _c21 cm. |
||
| 504 | _aBibliographical references included in footnotes (p. 133-139) | ||
| 610 | 2 | 0 |
_aCatholic Church _xRelations _xProtestant churches. _92729 |
| 650 | 0 |
_aChristian ethics _xCatholic authors. _92730 |
|
| 650 | 0 |
_aLaw and gospel. _92731 |
|
| 650 | 0 |
_aProtestant churches _xRelations _xCatholic Church. _92732 |
|
| 906 |
_a7 _bcbc _coclcrpl _du _encip _f19 _gy-gencatlg |
||
| 942 |
_2lcc _cMONOGRAPH |
||
| 999 |
_c118396 _d118396 |
||